| 000 | 004200000a22001810004500 | ||
|---|---|---|---|
| 003 | MACL | ||
| 005 | 20150915122551.0 | ||
| 008 | 150915b xxu||||| |||| 00| 0 eng d | ||
| 040 |
_aMACL _cMACL |
||
| 041 | _aEnglish | ||
| 082 | _a823/MUK | ||
| 100 |
_aMukherjee, Bharati _911016 |
||
| 245 | _aThe Holder of the World | ||
| 260 |
_bViking _c1993 |
||
| 350 | _a250 | ||
| 650 |
_aFiction _911017 |
||
| 942 |
_cBK _k823 _2ddc |
||
| 999 |
_c19859 _d19859 |
||